Computer Law

Bibliographic Details
Main Author: Takach, George
Format: eBook
Language:English
Published: Toronto: Irwin Law Inc., 2003
Edition:Segunda Edicin̤
Subjects:
Online Access:Acceso restringido

MARC

LEADER 00000nam a22000007a 4500
005 20210805222842.0
007 cr|||| ||||
008 210805s2003 ca |||||s|||| 00||0 eng d
020 |a 9781552212653 
035 |a 34900 
040 |a vLex 
090 |c 11929  |d 11929 
100 1 |a Takach, George 
245 1 0 |a Computer Law  |h [Recurso electrn̤ico] /  |c George Takach 
250 |a Segunda Edicin̤ 
256 |a Servicio en ln̕ea 
260 |a Toronto:  |b Irwin Law Inc.,  |c 2003 
300 |a 1 recurso electrn̤ico 
500 |a Shortlisted for the 2000 Walter Owen Book Prize. This best-selling text has been thoroughly updated and revised to reflect industry changes since publication of the first edition in 1998. George Takach is one of Canada’s leading practitioners and teachers in this new legal field. Computer Law 2/e brings together elements of many diverse branches of law, from intellectual property law to criminal and constitutional law, from laws concerning individual privacy, to laws governing domestic and international commerce. In an area of human enterprise where change rules and rules change at a lightning pace, Mr. Takach has brought a synthesis that will guide Canadian law and lawmakers along the information highway in the twenty-first century. 
506 1 |a Disponible solo en los productos indicados  |d vLex Global  |d vLex Global (Academic Edition, excluding Law Schools)  |d vLex Global (U.S. Academic Edition, Law Schools)  |d vLex Global (U.S. Academic Edition, excluding Law Schools)  |d vLex Global (Academic Edition, Law Schools) 
650 0 4 |a Derecho de las Nuevas Tecnologa̕s  |z Canad̀ 
740 0 |a vLex Libros (Servicio en ln̕ea) 
856 4 0 |u https://app.vlex.com/#/sources/34900  |z Acceso restringido 
942 |c BOOK 
999 0 |a New Technologies Law